00501nam a2200193 a 4500001001300000003000900013005001700022008004100039020001000080082001500090100001600105245005200121260003800173300000900211500003500220505001800255650001800273700001600291nice12345678IN_TiNIC20260116011358.0050524s1965 lona grp 000 0 eng  ac86400a270.8bPAC aPacker, J I aAll in Each Placeb Towards Re-Union in England aLondonbMarcham Manor Pressc1965 a237p aincludes index and biblioraphy2 aGeneral Index aEcumenicalism1 aPacker, J I